| 000 | 00671nam a2200217 a 4500 | ||
|---|---|---|---|
| 001 | BRCA_2634 | ||
| 005 | 20190320203911.0 | ||
| 008 | 011208s1912----gw-a---###---#000-0#ger-# | ||
| 041 | _ager | ||
| 044 | _agw | ||
| 050 | 4 |
_aNE670 _b.R46 1912 |
|
| 100 | 1 |
_aRembrandt, Harmenszoon van Rijn _d1606-1669 _97376 |
|
| 245 | 1 | 0 |
_aRembrandt Hundert Radierungen _cHarmensz van Rijn. |
| 260 |
_aLeipzig, Alemania _bA. Schumann´s _c1912 |
||
| 300 |
_a1 v. (sin paginación) _bil., 100 láminas en portafolio _c36 cm. |
||
| 500 | _aFaltan las láminas 4 y 20, la 89 esta repetida | ||
| 500 | _aA92 | ||
| 650 | 1 | 4 |
_aAguafuertistas holandeses _97499 |
| 902 | _aGFM | ||
| 942 |
_2lcc _cB |
||
| 999 |
_c2374 _d2374 |
||